| 000 | 01042nam a22002535i 4500 | ||
|---|---|---|---|
| 001 | 153719 | ||
| 003 | ES-MaACL | ||
| 005 | 20250827062627.0 | ||
| 008 | 970612s1869 sp |||| | spa d | ||
| 040 |
_aCLM _bspa _cCLM |
||
| 110 | 1 |
_aEspaña _93622 |
|
| 240 | 0 | _aTratados, etc. | |
| 245 | 1 | 0 |
_aDocumentos internacionales del Reinado de Doña Isabel II desde 1842 a 1868 / _ccoleccion publicada de órden del Excmo. Sr. Ministro de Estado ; con un discurso preliminar por Don Florencio Janer. |
| 260 |
_aMadrid : _b[s.n.], _c1869 ( _fimprenta de Miguel Ginesta) |
||
| 300 |
_aXXIV, 510, [2] en bl., 40 p. ; _c27 cm. |
||
| 490 | 1 | _aTratados de España | |
| 505 | 8 | _aIncluye "Apéndice a la coleccion de documentos internacionales del Reinado de Doña Isabel II" | |
| 597 | 1 | _aTexto a dos col. | |
| 650 | 0 | 4 |
_aTratados internacionales- _zEspaña. _917642 |
| 700 | 1 |
_aJaner, Florencio, _d1831-1877 _966005 |
|
| 830 | 0 |
_aTratados de España _9221436 |
|
| 852 |
_aES-MaACL _jB-4765 _z-- Enc. hol. |
||
| 999 |
_c153719 _d153719 |
||